[Event "TUR Cup"]
[Site "Denizli"]
[Date "2023.07.20"]
[Round "7"]
[White "Yaman, Alperen"]
[Black "Eroglu, Mehmet"]
[Result "0-1"]
[WhiteElo "1137"]
[BlackElo "1547"]
[PlyCount "58"]
[EventDate "2023.07.16"]
[EventType "team-tourn"]
[EventRounds "9"]
[EventCountry "TUR"]
[SourceTitle "CBM 215 Extra"]
[Source "ChessBase"]
[SourceDate "2023.09.30"]
[SourceVersion "1"]
[SourceVersionDate "2023.09.30"]
[SourceQuality "1"]

1. e4 c6 2. d4 d5 3. exd5 cxd5 4. Bd3 Nc6 5. Nf3 Bg4 6. c3 e6 7. Bf4 Bd6 8. Bg3 Qc7 9. Nbd2 Nge7 10. 0-0 Bh5 11. Qb3 Rb8 12. Rac1 0-0 13. Rfe1 b5 14. Qc2 h6 15. Ne5 Bxe5 16. Bxe5 Nxe5 17. Rxe5 Bg6 18. Nb3 b4 19. Bxg6 Nxg6 20. Re3 Rfc8 21. Qd2 Qd6 22. g3 Nf8 23. Qe2 Nd7 24. c4 dxc4 25. Rxc4 Qd5 26. Rxc8+ Rxc8 27. Qa6 Rc7 28. Re2 e5 29. Qa5 Rc1+ 0-1

[Event "TUR Cup"]
[Site "Denizli"]
[Date "2023.07.18"]
[Round "4"]
[White "Atayman, Evren"]
[Black "Yaman, Alperen"]
[Result "1-0"]
[WhiteElo "1683"]
[BlackElo "1137"]
[PlyCount "91"]
[EventDate "2023.07.16"]
[EventType "team-tourn"]
[EventRounds "9"]
[EventCountry "TUR"]
[SourceTitle "CBM 215 Extra"]
[Source "ChessBase"]
[SourceDate "2023.09.30"]
[SourceVersion "1"]
[SourceVersionDate "2023.09.30"]
[SourceQuality "1"]

1. d4 d5 2. c4 e6 3. Nc3 Nf6 4. Bg5 Be7 5. e3 dxc4 6. Bxc4 a6 7. Nf3 b5 8. Bd3 Bb7 9. 0-0 Nbd7 10. Qe2 c5 11. Rac1 Rc8 12. Rfd1 Qb6 13. a3 0-0 14. Ne5 Rfd8 15. Nxd7 Rxd7 16. dxc5 Qc6 17. f3 Nd5 18. Bxe7 Nxe7 19. b4 Qc7 20. Be4 f5 21. Rxd7 Qxd7 22. Bxb7 Qxb7 23. Rd1 Nc6 24. Rd6 Kf7 25. Qd2 Rc7 26. Ne2 Ne5 27. Qd4 Nc4 28. Rd8 e5 29. Qh4 h6 30. Qh5+ Kf6 31. Ng3 Rf7 32. Qxf5+ Ke7 33. Qd3 Qc7 34. Ra8 Qc6 35. Qd8+ Ke6 36. Ne4 Rd7 37. Qg8+ Kf5 38. Rf8+ Kg6 39. Rf6+ Qxf6 40. Nxf6 Kxf6 41. c6 Rd1+ 42. Kf2 Rd2+ 43. Kg3 Nxe3 44. c7 Rxg2+ 45. Kh3 Rg5 46. Qd8+ 1-0